Statistics for Guess a Top 5 Last Name by Country

Click here to take the quiz!

General Stats

  • This quiz has been taken 32,541 times
  • The average score is 6 of 18

Answer Stats

CountryLast Names% Correct
United StatesSmith | Johnson | Williams | Brown | Jones
97%
ChinaWang | Li | Zhang | Liu | Chen
83%
South KoreaKim | Lee | Park | Choi | Jeong
69%
VietnamNguyen | Tran | Le | Pham | Huynh
59%
SpainGarcía | Fernández | González | Rodríguez | López
56%
SwedenAndersson | Johansson | Karlsson | Nilsson | Eriksson
36%
India *Patel | Singh | Kaur | Shah | Miah
34%
GermanyMüller | Schmidt | Schneider | Fischer | Meyer
31%
EgyptMohamed | Ahmed | Hassan | Ali | Mahmoud
25%
IrelandMurphy | O'Kelly | O'Sullivan | Walsh | Smith
25%
PortugalSilva | Santos | Ferreira | Pereira | Oliveira
18%
RussiaSmirnov | Ivanov | Kuznetsov | Popov | Sokolov
18%
ItalyRossi | Russo | Ferrari | Esposito | Bianchi
16%
NetherlandsDe Jong | Jansen | De Vries | Van den Berg | Van Dijk
15%
IsraelCohen | Levi | Mizrachi | Peretz | Biton
12%
JapanSatō | Suzuki | Takahashi | Tanaka | Watanabe
12%
FranceMartin | Bernard | Dubois | Thomas | Robert
11%
PolandNowak | Kowalski | Wiśniewski | Wójcik | Kowalczyk
11%

Score Distribution

Percentile by Number Answered

Percent of People with Each Score

Your Score History

You have not taken this quiz